[Event "Ljubljana-chT 75th"]
[Site "Ljubljana"]
[Date "2023.02.16"]
[Round "4.2"]
[White "Juhant, Igor"]
[Black "Novakovic, Novica"]
[Result "1-0"]
[WhiteElo "1946"]
[BlackElo "1663"]
[PlyCount "67"]
[EventDate "2023.01.12"]
[EventType "team-swiss"]
[EventRounds "9"]
[EventCountry "SLO"]
[SourceTitle "EXT 2024"]
[Source "ChessBase"]
[SourceDate "2023.10.10"]
[SourceVersion "1"]
[SourceVersionDate "2023.10.10"]
[SourceQuality "1"]
[WhiteTeam "Komenda Popotnik"]
[BlackTeam "Ljubljana Karel Jeraj"]
[WhiteTeamCountry "SLO"]
[BlackTeamCountry "SLO"]

1. e4 c6 2. d4 d5 3. exd5 cxd5 4. Bd3 Nf6 5. h3 e6 6. Nf3 Nc6 7. c3 h6 8. Bf4 Bd6 9. Bxd6 Qxd6 10. 0-0 0-0 11. Re1 Bd7 12. Ne5 Rac8 13. Nd2 Rfe8 14. Ndf3 Qc7 15. Rc1 a6 16. Bb1 Ne7 17. g4 Nh7 18. Bxh7+ Kxh7 19. Nxf7 Qf4 20. N7e5 Bb5 21. a4 Bc6 22. b3 Rf8 23. Qd3+ g6 24. Qe3 Qf6 25. g5 Qf5 26. gxh6 Rf6 27. Ng5+ Kh8 28. Ng4 Rff8 29. Qe5+ Qxe5 30. Rxe5 Nf5 31. Nxe6 Nh4 32. Nxf8 Nf3+ 33. Kg2 Nxe5 34. Nxe5 1-0

[Event "SLO-chT Central 1st League 20th"]
[Site "Slovenia"]
[Date "2019.11.07"]
[Round "8.3"]
[White "Jezersek, Jan"]
[Black "Novakovic, Novica"]
[Result "1-0"]
[WhiteElo "1578"]
[BlackElo "1690"]
[PlyCount "55"]
[EventDate "2019.09.12"]
[EventType "team-tourn"]
[EventRounds "9"]
[EventCountry "SLO"]
[SourceTitle "EXT 2024"]
[Source "ChessBase"]
[SourceDate "2023.10.10"]
[SourceVersion "1"]
[SourceVersionDate "2023.10.10"]
[SourceQuality "1"]
[WhiteTeam "Ljubljana SK"]
[BlackTeam "Ljubljana Karel Jeraj"]
[WhiteTeamCountry "SLO"]
[BlackTeamCountry "SLO"]

1. e4 c6 2. d4 d5 3. Nc3 dxe4 4. Nxe4 Bf5 5. Ng3 Bg6 6. Nf3 Nd7 7. Bd3 Bxd3 8. Qxd3 e6 9. 0-0 Ngf6 10. Re1 Be7 11. Bd2 0-0 12. c4 Nb6 13. b3 Re8 14. Rad1 Bd6 15. Bc3 Be7 16. Ne5 Nbd7 17. f4 Qc7 18. f5 exf5 19. Nxf5 Nf8 20. Qg3 g6 21. Nxg6 Qxg3 22. Ngxe7+ Kh8 23. hxg3 N8d7 24. d5 cxd5 25. Nxd5 Re6 26. Rxe6 fxe6 27. Nxf6 exf5 28. Rxd7 1-0

[Event "Ljubljana-chT 71st 1st League"]
[Site "Ljubljana"]
[Date "2018.03.22"]
[Round "7.3"]
[White "Novakovic, Novica"]
[Black "Cimperman, Teo"]
[Result "1/2-1/2"]
[WhiteElo "1683"]
[BlackElo "1796"]
[PlyCount "56"]
[EventDate "2018.01.11"]
[EventType "team-tourn"]
[EventRounds "9"]
[EventCountry "SLO"]
[SourceTitle "EXT 2024"]
[Source "ChessBase"]
[SourceDate "2023.10.10"]
[SourceVersion "1"]
[SourceVersionDate "2023.10.10"]
[SourceQuality "1"]
[WhiteTeam "Ljubljana Karel Jeraj"]
[BlackTeam "Komenda Suma"]
[WhiteTeamCountry "SLO"]
[BlackTeamCountry "SLO"]

1. d4 d5 2. Bf4 Nf6 3. e3 g6 4. Bd3 Bg7 5. c3 0-0 6. Nd2 e6 7. h3 Nc6 8. Ngf3 Re8 9. 0-0 Nh5 10. Bh2 e5 11. dxe5 Bxe5 12. Nxe5 Nxe5 13. Be2 Ng7 14. Nf3 Nxf3+ 15. Bxf3 c6 16. Re1 Qg5 17. Bf4 Qe7 18. Rc1 Bf5 19. Bg3 Rad8 20. Qd4 c5 21. Qa4 a6 22. Qb3 c4 23. Qd1 Bd3 24. Be2 Qe4 25. Bf3 Qe7 26. Be2 Qe4 27. Bf3 Qe7 28. Be2 Qe4 1/2-1/2

[Event "SLO-chT3 West"]
[Site "Komenda"]
[Date "2017.12.09"]
[Round "2.2"]
[White "Bajt, Hana"]
[Black "Novakovic, Novica"]
[Result "1-0"]
[WhiteElo "1694"]
[BlackElo "1706"]
[PlyCount "127"]
[EventDate "2017.12.08"]
[EventType "team-swiss"]
[EventRounds "5"]
[EventCountry "SLO"]
[SourceTitle "EXT 2019"]
[Source "ChessBase"]
[SourceDate "2018.10.10"]
[SourceVersion "1"]
[SourceVersionDate "2018.10.10"]
[SourceQuality "1"]
[WhiteTeam "Novo Mesto Krka II"]
[BlackTeam "Komenda Popotnik"]
[WhiteTeamCountry "SLO"]
[BlackTeamCountry "SLO"]

1. e4 c6 2. d4 d5 3. Nc3 dxe4 4. Nxe4 Bf5 5. Ng3 Bg6 6. Nf3 Nd7 7. Bd3 Bxd3 8. Qxd3 e6 9. 0-0 Ngf6 10. Re1 Be7 11. Qb3 Qb6 12. c3 Qxb3 13. axb3 0-0 14. Nf5 exf5 15. Rxe7 Rfe8 16. Rxe8+ Nxe8 17. Ra5 g6 18. Kf1 Nef6 19. Bf4 Kf8 20. Bd6+ Ke8 21. Ke2 h6 22. Be5 Ke7 23. h3 Ke6 24. Bxf6 Kxf6 25. Kd3 Ke6 26. c4 Kd6 27. b4 Ke6 28. d5+ cxd5 29. Rxd5 Rc8 30. Nd4+ Ke7 31. b3 f6 32. Nb5 Ne5+ 33. Kc3 a6 34. Nd6 Rc7 35. b5 axb5 36. Nxb5 Rd7 37. Rxd7+ Kxd7 38. Kd4 Kc6 39. Na7+ Kc7 40. Nb5+ Kc6 41. f4 Nd7 42. Na7+ Kc7 43. Kd5 Nf8 44. Nb5+ Kd7 45. Nd4 Ke7 46. b4 b6 47. Kc6 Nd7 48. Kc7 h5 49. Nc6+ Ke6 50. Nb8 Ne5 51. fxe5 fxe5 52. Nc6 e4 53. Kxb6 e3 54. Kc5 g5 55. b5 e2 56. Nd4+ Ke5 57. Nxe2 f4 58. b6 Ke4 59. b7 Ke3 60. Nd4 g4 61. hxg4 hxg4 62. b8Q f3 63. gxf3 gxf3 64. Qg3 1-0

[Event "SLO-chT3 West"]
[Site "Komenda"]
[Date "2017.12.09"]
[Round "3.3"]
[White "Posavec, Zvone"]
[Black "Novakovic, Novica"]
[Result "1/2-1/2"]
[WhiteElo "1321"]
[BlackElo "1706"]
[PlyCount "111"]
[EventDate "2017.12.08"]
[EventType "team-swiss"]
[EventRounds "5"]
[EventCountry "SLO"]
[SourceTitle "EXT 2019"]
[Source "ChessBase"]
[SourceDate "2018.10.10"]
[SourceVersion "1"]
[SourceVersionDate "2018.10.10"]
[SourceQuality "1"]
[WhiteTeam "Trzin Menges"]
[BlackTeam "Komenda Popotnik"]
[WhiteTeamCountry "SLO"]
[BlackTeamCountry "SLO"]

1. e4 c6 2. Nf3 d5 3. exd5 cxd5 4. d4 Nf6 5. Nc3 a6 6. Be2 Bf5 7. 0-0 e6 8. Bg5 Be7 9. Re1 Nc6 10. a3 Rc8 11. Bd3 Bg4 12. h3 Bh5 13. Be2 Qb6 14. Na4 Qc7 15. Nh2 Bg6 16. Bxf6 Bxf6 17. c3 0-0 18. Nc5 Be7 19. Nd3 Bd6 20. Nf3 h6 21. Qd2 Ne7 22. Nh4 Bh7 23. Bg4 Ng6 24. Nxg6 Bxg6 25. Qe3 Rce8 26. Bf3 Qd7 27. Ne5 Bxe5 28. Qxe5 Rc8 29. Bg4 Rfe8 30. Bh5 Bf5 31. Re3 Qc7 32. Rae1 Kf8 33. Qxc7 Rxc7 34. Bf3 Ree7 35. g4 Bg6 36. h4 b5 37. h5 Bh7 38. Re5 Rcd7 39. Kg2 Bg8 40. Bd1 f6 41. R5e3 Rb7 42. f4 a5 43. b3 Bf7 44. R1e2 Rec7 45. Bc2 Rb8 46. Bh7 Rbc8 47. Rc2 b4 48. a4 Rxc3 49. Rcxc3 Rxc3 50. Rxc3 bxc3 51. Bc2 Ke7 52. Kf3 Kd6 53. Ke3 e5 54. Kd3 g6 55. hxg6 Bxg6+ 56. f5 1/2-1/2

[Event "SLO-chT Central 1st League 18th"]
[Site "Slovenia"]
[Date "2017.09.14"]
[Round "1.4"]
[White "Novakovic, Novica"]
[Black "Berk Zupanc, Marko"]
[Result "1/2-1/2"]
[WhiteElo "1706"]
[BlackElo "1687"]
[PlyCount "45"]
[EventDate "2017.09.14"]
[EventType "team-swiss"]
[EventRounds "9"]
[EventCountry "SLO"]
[SourceTitle "EXT 2022"]
[Source "ChessBase"]
[SourceDate "2021.10.06"]
[SourceVersion "1"]
[SourceVersionDate "2021.10.06"]
[SourceQuality "1"]
[WhiteTeam "Ljubljana Karel Jeraj"]
[BlackTeam "Loka pri Mengsu"]
[WhiteTeamCountry "SLO"]
[BlackTeamCountry "SLO"]

1. d4 Nf6 2. Bf4 e6 3. e3 b6 4. Nf3 Bb7 5. Nbd2 c5 6. c3 Nc6 7. h3 d5 8. Bb5 a6 9. Ba4 b5 10. Bc2 cxd4 11. exd4 Bd6 12. Bg5 b4 13. cxb4 Bxb4 14. 0-0 Rc8 15. a3 Be7 16. b4 h6 17. Bf4 Qb6 18. Ba4 0-0 19. Nb3 Ne4 20. Nc5 Rfd8 21. Re1 Bf6 22. Be3 Ne7 23. Rc1 1/2-1/2

[Event "Ljubljana-chT 69th Superliga"]
[Site "Ljubljana"]
[Date "2016.01.28"]
[Round "3.3"]
[White "Volcansek, Robert"]
[Black "Novakovic, Novica"]
[Result "0-1"]
[WhiteElo "1917"]
[BlackElo "1736"]
[PlyCount "126"]
[EventDate "2016.01.14"]
[EventType "team-tourn"]
[EventRounds "9"]
[EventCountry "SLO"]
[SourceTitle "EXT 2022"]
[Source "ChessBase"]
[SourceDate "2021.10.06"]
[SourceVersion "1"]
[SourceVersionDate "2021.10.06"]
[SourceQuality "1"]
[WhiteTeam "Domzale SD"]
[BlackTeam "Komenda Pogi"]
[WhiteTeamCountry "SLO"]
[BlackTeamCountry "SLO"]

1. e4 d6 2. d4 e5 3. dxe5 Qe7 4. Nf3 Nc6 5. Bb5 h6 6. Qd5 Bd7 7. exd6 Qxd6 8. Qxd6 Bxd6 9. 0-0 0-0-0 10. Nc3 Re8 11. Bc4 Be6 12. Bxe6+ Rxe6 13. Be3 Nf6 14. Nd2 Ng4 15. h3 Nxe3 16. fxe3 f6 17. Nc4 Bb4 18. Nd2 Bxc3 19. bxc3 Rd8 20. Rad1 Red6 21. Rf2 Ne5 22. Kf1 Nc4 23. Ke1 Nxe3 24. Rc1 Rc6 25. Nb1 Rc4 26. Re2 Rxe4 27. Kf2 Rde8 28. Rce1 Nd1+ 29. Kf3 Rxe2 30. Rxe2 Rxe2 31. Kxe2 Nb2 32. Ke3 Nc4+ 33. Ke4 g6 34. g3 Kd7 35. Kd4 b5 36. a4 c6 37. Kc5 a6 38. g4 h5 39. axb5 cxb5 40. Kd4 Kd6 41. Ke4 hxg4 42. hxg4 a5 43. Kd3 f5 44. gxf5 gxf5 45. Kd4 a4 46. Kd3 Kd5 47. Ke2 Ke4 48. Kf2 a3 49. Nxa3 Nxa3 50. Ke2 Nxc2 51. Kd2 Ne3 52. Ke2 Nd5 53. Kd2 f4 54. Kc2 f3 55. Kb3 f2 56. c4 bxc4+ 57. Kxc4 f1Q+ 58. Kc5 Qf6 59. Kc4 Qc6+ 60. Kb3 Qc3+ 61. Ka2 Nb4+ 62. Kb1 Qc2+ 63. Ka1 Qa2# 0-1

[Event "SLO-chT Central 1st League 15th"]
[Site "Slovenia"]
[Date "2014.10.09"]
[Round "5.3"]
[White "Novakovic, Novica"]
[Black "Cijan, Alojz"]
[Result "1/2-1/2"]
[WhiteElo "1727"]
[BlackElo "1702"]
[PlyCount "58"]
[EventDate "2014.09.11"]
[EventType "team-swiss"]
[EventRounds "9"]
[EventCountry "SLO"]
[SourceTitle "EXT 2022"]
[Source "ChessBase"]
[SourceDate "2021.10.06"]
[SourceVersion "1"]
[SourceVersionDate "2021.10.06"]
[SourceQuality "1"]
[WhiteTeam "Dom In Agencija Neprem"]
[BlackTeam "Crni Graben"]
[WhiteTeamCountry "SLO"]
[BlackTeamCountry "SLO"]

1. d4 e6 2. Bf4 d6 3. Nf3 h6 4. e3 a6 5. c3 c6 6. Nbd2 Be7 7. h3 Nf6 8. Bd3 d5 9. Qb3 Nbd7 10. Ne5 Nxe5 11. Bxe5 0-0 12. 0-0 Nd7 13. Bg3 f5 14. c4 Nf6 15. cxd5 exd5 16. Rfe1 Kh8 17. Qc2 Ne4 18. Be5 Bd6 19. Nf3 Be6 20. Qe2 Bxe5 21. Nxe5 Qg5 22. Nf3 Qf6 23. Ne5 Kg8 24. Bxe4 fxe4 25. Qh5 Bf7 26. Qg4 Be6 27. Qh5 Bf7 28. Qg4 Be6 29. Qh5 Bf7 1/2-1/2

[Event "SLO-chT Central Superliga 14th"]
[Site "Slovenia"]
[Date "2013.11.28"]
[Round "9.2"]
[White "Jukan, Nesib"]
[Black "Novakovic, Novica"]
[Result "1/2-1/2"]
[WhiteElo "1973"]
[BlackElo "1704"]
[PlyCount "25"]
[EventDate "2013.09.19"]
[EventType "team-tourn"]
[EventRounds "9"]
[EventCountry "SLO"]
[SourceTitle "EXT 2022"]
[Source "ChessBase"]
[SourceDate "2021.10.06"]
[SourceVersion "1"]
[SourceVersionDate "2021.10.06"]
[SourceQuality "1"]
[WhiteTeam "Trzin Buscotrade"]
[BlackTeam "Komenda Pogi"]
[WhiteTeamCountry "SLO"]
[BlackTeamCountry "SLO"]

1. d4 d5 2. Bg5 Nf6 3. Nf3 e6 4. Nbd2 c6 5. e3 Nbd7 6. c4 Qa5 7. Bxf6 Nxf6 8. a3 Be7 9. Bd3 0-0 10. 0-0 Qc7 11. Re1 b6 12. Rc1 Re8 13. cxd5 1/2-1/2

[Event "SLO-chT3 West"]
[Site "Postojna"]
[Date "2013.11.23"]
[Round "3"]
[White "Kodric, Vladimir"]
[Black "Novakovic, Novica"]
[Result "1-0"]
[WhiteElo "1941"]
[BlackElo "1704"]
[PlyCount "120"]
[EventDate "2013.11.22"]
[EventType "team"]
[EventRounds "5"]
[EventCountry "SLO"]
[SourceTitle "EXT 2015"]
[Source "ChessBase"]
[SourceDate "2014.11.20"]
[SourceVersion "1"]
[SourceVersionDate "2014.11.20"]
[SourceQuality "1"]

1. d4 d5 2. c3 Nf6 3. Bf4 c6 4. Nf3 Bf5 5. h3 e6 6. Qb3 Qb6 7. Nbd2 Nbd7 8. e3 Be7 9. Be2 Ne4 10. Nxe4 Bxe4 11. 0-0 0-0 12. Nd2 Bg6 13. a3 Nf6 14. f3 Nd7 15. Qa2 Qd8 16. b4 Bg5 17. Bxg5 Qxg5 18. f4 Qh6 19. Nf3 Be4 20. Qd2 Qf6 21. Ne5 Nxe5 22. fxe5 Qg6 23. Bf3 f5 24. Kh2 Qg5 25. g3 Qe7 26. a4 Bxf3 27. Rxf3 a6 28. Rf4 g5 29. Rf2 h5 30. a5 Rf7 31. Raf1 g4 32. hxg4 hxg4 33. Rh1 Rh7+ 34. Kg1 Rxh1+ 35. Kxh1 Rf8 36. Rh2 Rf7 37. Qf2 Rh7 38. Qf4 Rxh2+ 39. Kxh2 Qh7+ 40. Kg1 Qh5 41. Qf1 Qf7 42. Kf2 Qh5 43. Qg1 Kf7 44. Ke2 Ke7 45. Kd3 Qh3 46. c4 Kd7 47. Kc3 Qh6 48. Kb3 dxc4+ 49. Kxc4 Kc7 50. Kc5 Qf8+ 51. Kc4 Qh6 52. Kd3 Kd7 53. Qc1 Qf8 54. Qc5 Qxc5 55. bxc5 Ke7 56. e4 fxe4+ 57. Kxe4 Kf7 58. Kf4 Kg7 59. Kg5 Kf7 60. Kh6 Kf8 1-0

[Event "SLO-chT3 West"]
[Site "Postojna"]
[Date "2013.11.23"]
[Round "2"]
[White "Novakovic, Novica"]
[Black "Mlacnik, Janez"]
[Result "1/2-1/2"]
[WhiteElo "1704"]
[BlackElo "1865"]
[PlyCount "43"]
[EventDate "2013.11.22"]
[EventType "team"]
[EventRounds "5"]
[EventCountry "SLO"]
[SourceTitle "EXT 2015"]
[Source "ChessBase"]
[SourceDate "2014.11.20"]
[SourceVersion "1"]
[SourceVersionDate "2014.11.20"]
[SourceQuality "1"]

1. d4 e6 2. Bf4 d5 3. e3 Nf6 4. h3 Bd6 5. Bxd6 cxd6 6. c3 Nc6 7. Nf3 Bd7 8. Be2 Rc8 9. Nbd2 Qe7 10. Rc1 0-0 11. c4 dxc4 12. Bxc4 d5 13. Be2 e5 14. dxe5 Nxe5 15. 0-0 Rxc1 16. Qxc1 Rc8 17. Qb1 Nxf3+ 18. Bxf3 Qe5 19. Rc1 Rxc1+ 20. Qxc1 g5 21. Qc3 Qxc3 22. bxc3 1/2-1/2

[Event "SLO-chT3 West"]
[Site "Postojna"]
[Date "2013.11.22"]
[Round "1"]
[White "Ahtik, Stas"]
[Black "Novakovic, Novica"]
[Result "1/2-1/2"]
[WhiteElo "1421"]
[BlackElo "1704"]
[PlyCount "40"]
[EventDate "2013.11.22"]
[EventType "team"]
[EventRounds "5"]
[EventCountry "SLO"]
[SourceTitle "EXT 2015"]
[Source "ChessBase"]
[SourceDate "2014.11.20"]
[SourceVersion "1"]
[SourceVersionDate "2014.11.20"]
[SourceQuality "1"]

1. e4 c6 2. d4 d5 3. exd5 cxd5 4. Nf3 Nf6 5. Nc3 Bg4 6. h3 Bh5 7. Be2 e6 8. 0-0 Be7 9. Ne5 Bxe2 10. Qxe2 a6 11. Qf3 Nc6 12. Nxc6 bxc6 13. Re1 Rb8 14. Qg3 0-0 15. b3 Bd6 16. Qd3 Nd7 17. Qxa6 Qc7 18. Qd3 Bb4 19. a3 Ra8 20. Bb2 Be7 1/2-1/2

[Event "Ljubljana Autumn op"]
[Site "Ljubljana"]
[Date "2012.10.02"]
[Round "4"]
[White "Markosek, Maj"]
[Black "Novakovic, Novica"]
[Result "1-0"]
[WhiteElo "1626"]
[BlackElo "1696"]
[PlyCount "73"]
[EventDate "2012.09.05"]
[EventType "swiss"]
[EventRounds "9"]
[EventCountry "SLO"]
[SourceTitle "EXT 2023"]
[Source "ChessBase"]
[SourceDate "2022.10.05"]
[SourceVersion "1"]
[SourceVersionDate "2022.10.05"]
[SourceQuality "1"]

1. e4 d6 2. d4 g6 3. Nc3 Bg7 4. Be3 a6 5. f3 b5 6. a3 Bb7 7. Nge2 Nd7 8. b4 Ngf6 9. Qd2 e5 10. d5 Nb6 11. Nc1 Qe7 12. Nb3 0-0 13. Be2 Nh5 14. 0-0 f5 15. Na5 Bc8 16. Nc6 Qe8 17. a4 bxa4 18. Bxb6 cxb6 19. Nxa4 Bb7 20. Nxb6 Bxc6 21. dxc6 Qxc6 22. Nxa8 Rxa8 23. Qd5+ Qxd5 24. exd5 a5 25. bxa5 e4 26. Ra4 Nf4 27. Bb5 Rb8 28. a6 Bd4+ 29. Rxd4 Rxb5 30. Ra4 Nxd5 31. a7 Nb6 32. a8Q+ Nxa8 33. Rxa8+ Kg7 34. fxe4 fxe4 35. Re8 d5 36. c4 dxc4 37. Rxe4 1-0

[Event "Ljubljana Autumn op"]
[Site "Ljubljana"]
[Date "2012.09.11"]
[Round "1"]
[White "Novakovic, Novica"]
[Black "Sturm, Zala"]
[Result "1-0"]
[WhiteElo "1696"]
[BlackElo "1436"]
[PlyCount "105"]
[EventDate "2012.09.05"]
[EventType "swiss"]
[EventRounds "9"]
[EventCountry "SLO"]
[SourceTitle "EXT 2023"]
[Source "ChessBase"]
[SourceDate "2022.10.05"]
[SourceVersion "1"]
[SourceVersionDate "2022.10.05"]
[SourceQuality "1"]

1. d4 d5 2. c4 e6 3. Nc3 Nf6 4. Bg5 Be7 5. e3 0-0 6. Nf3 b6 7. cxd5 exd5 8. Bd3 Nc6 9. Rc1 Bb7 10. 0-0 h6 11. Bf4 Re8 12. Ne2 a6 13. a3 Bd6 14. Bxd6 Qxd6 15. Ng3 Rac8 16. Re1 Ne4 17. Qc2 Re6 18. Bxe4 dxe4 19. Nd2 Ne7 20. Ndxe4 Bxe4 21. Nxe4 Qd5 22. Ng3 c5 23. dxc5 Rxc5 24. Qd1 Rxc1 25. Qxc1 Rc6 26. Qb1 Rg6 27. Qd1 Rd6 28. Qxd5 Rxd5 29. f3 Nf5 30. Nxf5 Rxf5 31. Rd1 Rf6 32. Kf2 Kf8 33. g4 Ke7 34. h4 Rc6 35. Rd2 a5 36. f4 g6 37. Kf3 f6 38. Rg2 Rc5 39. g5 fxg5 40. fxg5 hxg5 41. Rxg5 Rxg5 42. hxg5 Ke6 43. Ke4 Kd6 44. Kd4 b5 45. b4 a4 46. e4 Ke6 47. Kc5 Ke5 48. Kxb5 Kxe4 49. Kxa4 Kf5 50. b5 Kxg5 51. b6 Kh4 52. b7 g5 53. b8Q 1-0

[Event "Ljubljana Spring op"]
[Site "Ljubljana"]
[Date "2012.04.11"]
[Round "2"]
[White "Novakovic, Novica"]
[Black "Urh, Zala"]
[Result "1-0"]
[WhiteElo "1693"]
[BlackElo "1461"]
[PlyCount "33"]
[EventDate "2012.04.04"]
[EventType "swiss"]
[EventRounds "9"]
[EventCountry "SLO"]
[SourceTitle "EXT 2023"]
[Source "ChessBase"]
[SourceDate "2022.10.05"]
[SourceVersion "1"]
[SourceVersionDate "2022.10.05"]
[SourceQuality "1"]

1. d4 d5 2. Nf3 Nf6 3. c4 c6 4. Nc3 e6 5. Bg5 Bb4 6. Qb3 Bxc3+ 7. bxc3 Nbd7 8. e3 b6 9. cxd5 exd5 10. c4 0-0 11. cxd5 cxd5 12. Bb5 Bb7 13. Rc1 Rc8 14. 0-0 Rc7 15. Rc2 Qb8 16. Bf4 Rfc8 17. Rxc7 1-0

[Event "Ljubljana Spring op"]
[Site "Ljubljana"]
[Date "2012.04.10"]
[Round "1"]
[White "Cizman, Gregor"]
[Black "Novakovic, Novica"]
[Result "1/2-1/2"]
[WhiteElo "1823"]
[BlackElo "1693"]
[PlyCount "43"]
[EventDate "2012.04.04"]
[EventType "swiss"]
[EventRounds "9"]
[EventCountry "SLO"]
[SourceTitle "EXT 2023"]
[Source "ChessBase"]
[SourceDate "2022.10.05"]
[SourceVersion "1"]
[SourceVersionDate "2022.10.05"]
[SourceQuality "1"]

1. d4 d5 2. Nf3 c6 3. c3 Nf6 4. Bf4 Bf5 5. Nbd2 e6 6. e3 Bd6 7. Bxd6 Qxd6 8. Be2 Nbd7 9. h3 h6 10. 0-0 0-0 11. Rc1 c5 12. Re1 c4 13. Nh4 Bh7 14. Nhf3 b5 15. a3 a5 16. Ra1 b4 17. Qc1 b3 18. Bf1 a4 19. g3 Rfe8 20. Qd1 Rad8 21. Bg2 Bf5 22. Nh4 1/2-1/2